|
|
|
|
| LEADER |
00000nam0a2200000 4500 |
| 001 |
225068 |
| 005 |
20231101230633.0 |
| 035 |
|
|
|a (RuTPU)RU\TPU\book\245397
|
| 090 |
|
|
|a 225068
|
| 100 |
|
|
|a 20121106d1994 k y0rusy50 ca
|
| 101 |
0 |
|
|a rus
|
| 102 |
|
|
|a RU
|
| 105 |
|
|
|a a z 001zy
|
| 200 |
1 |
|
|a Структурный анализ при палеогеодинамических реконструкциях
|f Межрегиональный центр по геологической картографии (Геокарт) ; Международная академия наук о природе и обществе (МАНПО), Московское отделение ; под ред. Г. С. Гусева
|
| 210 |
|
|
|a Москва
|c Геокарт
|d 1994
|
| 215 |
|
|
|a 256 с.
|c ил.
|
| 225 |
1 |
|
|a Серия методических руководств по геодинамическому анализу при геологическом картировании
|
| 320 |
|
|
|a Библиогр.: с. 251-254.
|
| 330 |
|
|
|a Охарактеризованы новые методические подходы к анализу морфологии и кинематики структурных ансамблей в покровно-складчатых сооружениях. Изложены теоретические основы и прикладные следствия тектонофациального анализа разрезов земной коры. При изучении структурных ансамблей рассматриваются методические аспекты исследования морфологии и кинематики структур, а с помощью тектонофациального анализа исследуется методика оценки степени деформированности геологических тел на разных горизонтах земной коры. Для геологов-съемщиков, специалистов в области региональной геологии.
|
| 606 |
1 |
|
|a Геодинамика
|x (геология)
|2 stltpush
|3 (RuTPU)RU\TPU\subj\6028
|9 33993
|
| 610 |
1 |
|
|a палеогеодинамическая реконструкция
|
| 610 |
1 |
|
|a структурный анализ
|
| 610 |
1 |
|
|a деформации
|
| 610 |
1 |
|
|a сдвиги
|
| 610 |
1 |
|
|a складки
|
| 610 |
1 |
|
|a морфология
|
| 610 |
1 |
|
|a кинематика
|
| 610 |
1 |
|
|a складчатые сооружения
|
| 610 |
1 |
|
|a тектонофациальный анализ
|
| 610 |
1 |
|
|a листрические разломы
|
| 675 |
|
|
|a 551.2/.3
|v 3
|
| 702 |
|
1 |
|a Гусев
|b Г. С.
|4 340
|
| 712 |
0 |
2 |
|a Межрегиональный центр по геологической картографии (Геокарт)
|c (Москва)
|2 stltpush
|3 (RuTPU)RU\TPU\col\228
|
| 712 |
0 |
2 |
|a Международная академия наук о природе и обществе (МАНПО)
|b Московское отделение
|2 stltpush
|3 (RuTPU)RU\TPU\col\18796
|
| 801 |
|
1 |
|a RU
|b 63413507
|c 20121106
|
| 801 |
|
2 |
|a RU
|b 63413507
|c 20131218
|g RCR
|
| 942 |
|
|
|c BK
|
| 959 |
|
|
|a 145/20121106
|d 1
|e 300,00
|f ЧЗТЛ:1
|